=LDR 00000nam 2200000 4500 =001 INLIS000000000045520 =005 20251229035128 =035 ##$$a 0010-021500000000080 =008 251229################g##########0#ind## =020 ##$$a 979-788-148-2 =040 ##$$a NBPDMAT =082 ##$$a 028.5 =090 ##$$a 028.5 $b Muf h =100 #$$a MUFI =245 1#$$a Hore, Akhirnya Aku Tahu : $b Sejarah asal mula makanan /$c A.Mufi =250 ##$$a cet. 1 =260 ##$$a Jakarta :$b Pereban CIF,$c 2009 =300 ##$$a 34 hlm : $b ilus ; $c 26 cm =650 #4$$a Bacaan Kanak-kanak =700 #$$a Irwon N =084 ##$$a 028.5 MUF h =990 ##$$a 21408112 =990 ##$$a 21408113 =990 ##$$a 21408114 =990 ##$$a 21408115 =990 ##$$a 21408116 =990 ##$$a 21421122 =990 ##$$a 21421123 =990 ##$$a 21421124 =990 ##$$a 21421125 =990 ##$$a 21421126 =990 ##$$a 21421125 =990 ##$$a 21408112 =990 ##$$a 21408113 =990 ##$$a 21408114 =990 ##$$a 21408115 =990 ##$$a 21408116 =990 ##$$a 21421122 =990 ##$$a 21421123 =990 ##$$a 21421124 =990 ##$$a 21421126